| 000 | 01141nam0a22003011 4500 | ||
|---|---|---|---|
| 001 | rc\3540017 | ||
| 005 | 20250610033525.0 | ||
| 021 |
_aRU _b[73-39126] |
||
| 035 | _a(NLR Aleph) 007669059 | ||
| 090 |
_a6413811 _c6413811 |
||
| 100 | _a20130115d1973 |||y0rusy50 ca | ||
| 101 | 0 | _arus | |
| 102 | _aRU | ||
| 105 | _aa z ||||| | ||
| 200 | 1 |
_aВолшебник Изумрудного города _e[Сказка _fИл.: П.В. Калинин] |
|
| 210 |
_aМинск _cНар. асвета _d1973 |
||
| 215 |
_a165 с. _cил. _d22 |
||
| 225 | 1 | _aШкольная библиотека | |
| 300 | _aПерераб. сказки амер. писателя Ф. Баума "Мудрец из страны Оз" | ||
| 604 |
_150010$aМудрец из страны Оз _1700#1$aБаум$bЛ.Ф.$gЛ. Франк |
||
| 608 |
_aСказки русские, советские (д. л.) _2psbo |
||
| 700 | 1 |
_aВолков _bА.М. _f1891-1977 _gАлександр Мелентьевич |
|
| 702 | 1 |
_aКалинин _bП.В. _4440 |
|
| 801 | 0 |
_aRU _bNLR _gpsbo |
|
| 801 | 1 |
_aRU _bELAR _2rusmarc |
|
| 852 |
_aNLR _j73-5/2061 |
||
| 942 | _cBOOK | ||
| 980 | _aNB | ||